000 00918cab a2200229 4500
001 X96782
008 090401t1999 xxu||||| |||| 00| 0 eng d
035 _a(Sirsi) u91445
041 _aeng
245 _aBreach of contract
260 _c1999
350 _a0
490 _aEstates Gazette
_v[1999] egcs 15 (13/02/99)
520 _a"Nationwide Building Society v Goodwin Harte (a firm) and related actions" ChD 2 February 1999. Solicitor acting for both lender and borrower - extent of solicitor`s duty as fiduciary to report to lender matters pointing to fraud by borrower - matters including subsale at increased price - whether contributory negligence on part of lender - 12 cases heard. (HEADNOTE)
650 _aFIDUCIARY DUTY
650 _aFRAUD
650 _aNEGLIGENCE
650 _aSOLICITORS
690 _aMANAGEMENT-BUSINESS MANAGEMENT-PROFESSIONAL PRACTICE
942 _n0
948 _c18/02/1999
999 _c58054
_d58054